<?xml version="1.0" encoding="UTF-8"?>
<collection xmlns="http://www.loc.gov/MARC21/slim">
 <record>
  <leader>00516pamaa2200169   4500</leader>
  <controlfield tag="001">0000001420</controlfield>
  <controlfield tag="005">20190805090000.0</controlfield>
  <datafield tag="020" ind1="0" ind2="0">
   <subfield code="a">9780750622448 </subfield>
  </datafield>
  <datafield tag="082" ind1=" " ind2=" ">
   <subfield code="a">658.802 WIL 1997</subfield>
  </datafield>
  <datafield tag="090" ind1="0" ind2="0">
   <subfield code="a">HF5415.13 </subfield>
   <subfield code="b">WIL 1997</subfield>
  </datafield>
  <datafield tag="100" ind1="1" ind2="0">
   <subfield code="a">Wilson </subfield>
  </datafield>
  <datafield tag="245" ind1="1" ind2="0">
   <subfield code="a">Strategic marketing management : </subfield>
   <subfield code="b">planning, implementation and control  </subfield>
   <subfield code="c">Richard M.S.Wilson, Colin Gilligan.</subfield>
  </datafield>
  <datafield tag="250" ind1="0" ind2="0">
   <subfield code="a">2nd ed..</subfield>
  </datafield>
  <datafield tag="260" ind1="0" ind2="0">
   <subfield code="a">Oxford: </subfield>
   <subfield code="b">Butterworth Heinemann, </subfield>
   <subfield code="c">1997.</subfield>
  </datafield>
  <datafield tag="300" ind1=" " ind2=" ">
   <subfield code="a">ix, 827p.: </subfield>
   <subfield code="b">ill.; </subfield>
   <subfield code="c">28cm.</subfield>
  </datafield>
  <datafield tag="600" ind1="0" ind2="0">
   <subfield code="a">Marketing</subfield>
  </datafield>
  <datafield tag="700" ind1="1" ind2="1">
   <subfield code="a">Gilligan, </subfield>
   <subfield code="h">Colin </subfield>
  </datafield>
 </record>
</collection>
